书目信息 |
| 题名: |
企业内容管理理论与实践
|
|
| 作者: | 龚永罡 , 王晓庆 著 | |
| 分册: | ||
| 出版信息: | 北京 机械工业出版社 2012 |
|
| 页数: | 13,214页 | |
| 开本: | 24cm | |
| 丛书名: | ||
| 单 册: | ||
| 中图分类: | F272-0 | |
| 科图分类: | ||
| 主题词: | 企业管理--理论 , 企业管理 | |
| 电子资源: | ||
| ISBN: | 978-7-111-39553-9 | |
| 000 | 01045nam0 22002771 450 | |
| 001 | 524 | |
| 005 | 20140909091413.20 | |
| 010 | @a978-7-111-39553-9@dCNY39.80 | |
| 100 | @a20121126d2012 em y0chiy50 ea | |
| 101 | 0 | @achi |
| 102 | @aCN@b110000 | |
| 105 | @ay z 000yy | |
| 106 | @ar | |
| 200 | 1 | @a企业内容管理理论与实践@AQi Ye Nei Rong Guan Li Li Lun Yu Shi Jian@f龚永罡,王晓庆著@FGong Yong Gang, Wang Xiao Qing Zhu |
| 210 | @a北京@c机械工业出版社@d2012 | |
| 215 | @a13,214页@d24cm | |
| 312 | @a封面英文题名:Enterprise content management:theory and practice | |
| 330 | @a本书介绍了企业内容管理的各种知识,阐释了企业内容管理的基本概念,内容包括:内容和内容管理、企业内容管理、内容仓库的标准化接口等。 | |
| 510 | 1 | @aEnterprise content management:theory and practice@zeng |
| 606 | 0 | @a企业管理@x理论 |
| 606 | 0 | @a企业管理 |
| 690 | @aF272-0@v5 | |
| 701 | 0 | @a龚永罡@AGong Yong Gang@f(1973~)@4著 |
| 701 | 0 | @a王晓庆@AWang Xiao Qing@g(女,@f1967~)@4著 |
| 801 | 0 | @aCN@bTANGWEI@c20140603 |
| 905 | @b0837381-83@dF272-0@e1002@f3 | |
| 企业内容管理理论与实践/龚永罡,王晓庆著.-北京:机械工业出版社,2012 |
| 13,214页;24cm |
| ISBN 978-7-111-39553-9:CNY39.80 |
| 本书介绍了企业内容管理的各种知识,阐释了企业内容管理的基本概念,内容包括:内容和内容管理、企业内容管理、内容仓库的标准化接口等。 |
| ● |
| 相关链接 |
|
|
|
|
正题名:企业内容管理理论与实践
索取号:F272-0/1002
 
预约/预借
| 序号 | 登录号 | 条形码 | 馆藏地/架位号 | 状态 | 备注 |
| 1 | 0837381 | 208373810 | 第一样本阅览室/ [索取号:F272-0/1002] | 在馆 | |
| 2 | 0837382 | 208373829 | 密集书库-海洋学院/ [索取号:F272-0/1002] | 在馆 | |
| 3 | 0837383 | 208373838 | 第一借阅区/ [索取号:F272-0/1002] | 在馆 |